000 00889nam a2200277 c 4500
003 BLK
005 20190913121241.0
008 180911b bul|||||r ||||||| ||bul||
010 _a003171
040 _aBLK
041 _aDEU
080 _z39:069(430)069(430)
100 1 _a
_eпърви автор
245 1 0 _aFUHRER durch das Rautenstrauch-Joest-Museum der Stadt Koln
246 _aMuseum fur Volkerkunde
_bFUHRER durch das Rautenstrauch-Joest-Museum der Stadt Koln
250 _a4. Aufl
260 _aKoln
_c1927
300 _a4, 245 с
_bс ил.
_c18 см
380 _a5
490 _aЧастна колекция - Академик Михаил Арнаудов
_gДарение - Основен фонд
655 _aЕтнология
700 1 _aUnter Mitw. von Julius Lips
700 1 _a Hrsg. F. Graebner
852 _aМА 1514
942 _cKNG
_n0
944 _aCR
_c1996
_kValK
999 _c343510
_d343510